|
|
|
|
| LEADER |
00000nab a22000005a 4500 |
| 001 |
AR-BbUGT10111 |
| 003 |
AR-BbUGT |
| 005 |
20221214122007.0 |
| 007 |
ta |
| 008 |
180417s2014||||ag |||p |||| 0|||||spa d |
| 999 |
|
|
|c 15645
|d 15645
|
| 040 |
|
|
|a AR-BbUGT
|c AR-BbUGT
|
| 100 |
1 |
|
|a Salizzi, Esteban
|
| 245 |
1 |
0 |
|a Reestructuración económica y transformaciones en el agro pampeano :
|b La expansión del cultivo de la soja y sus efectos sobre la apicultura bonaerense en los inicios del siglo XXI
|
| 651 |
|
4 |
|a Buenos Aires (Argentina : Provincia)
|9 261
|
| 653 |
|
|
|a Apicultura
|
| 653 |
|
|
|a Soja
|
| 653 |
|
|
|a Agroquímicos
|
| 773 |
0 |
|
|o R7567.44
|g Vol. 16 (2014), p. 13-46
|t Estudios socioterritoriales
|x 1515-6206
|w AR-BbUGT7031
|
| 942 |
|
|
|2 ddc
|c ARTPP
|